La vida sigue, la lucha continua (Record no. 198421)

MARC details
000 -LEADER
campo de control de longitud fija 00993nam a22002654a 4500
001 - NÚMERO DE CONTROL
campo de control 198421
005 - FECHA Y HORA DE LA ÚLTIMA TRANSACCIÓN
campo de control 20260601204950.0
008 - DATOS DE LONGITUD FIJA--INFORMACIÓN GENERAL
campo de control de longitud fija 260529b2026 sp ||||| |||| 00| 0 spa d
017 ## - NÚMERO DE COPYRIGHT O DE DEPÓSITO LEGAL
Número de copyright o de depósito legal M 11163-2026
020 ## - NÚMERO INTERNACIONAL ESTÁNDAR DEL LIBRO
Número Internacional Estándar del Libro 9788496018631
040 ## - FUENTE DE CATALOGACIÓN
Lengua de catalogación spa
Centro/agencia transcriptor ES-MaACL
100 ## - ENTRADA PRINCIPAL--NOMBRE DE PERSONA
Nombre de persona López Gil, Leopoldo
9 (RLIN) 243183
245 ## - MENCIÓN DEL TÍTULO
Título La vida sigue, la lucha continua
250 ## - MENCION DE EDICION
Mención de edición Primera edición: abril 2026
300 ## - DESCRIPCIÓN FÍSICA
Extensión 298 páginas
Dimensiones 22 cm
336 ## - TIPO DE CONTENIDO
Fuente rdacontent
Término de tipo de contenido texto
337 ## - TIPO DE MEDIO
Fuente rdamedia
Nombre/término del tipo de medio sin mediación
338 ## - TIPO DE SOPORTE
Fuente rdacarrier
Nombre/término del tipo de soporte volumen
500 ## - NOTA GENERAL
Nota general Registro provisional. DJ-10. Depósito J
852 ## - LOCALIZACIÓN
Ubicación ES-MaACL
Ubicación en estantería Depósito J
Número de control de estantería DJ-10
Anotaciones manuscritas Dedicatoria autógrafa del autor
Donativo/Legado Donación: Leopoldo López Gil
Encuadernación Encuadernación rustica con solapas
Nota libre En proceso
942 ## - ELEMENTOS DE ENTRADA SECUNDARIOS (KOHA)
Fuente del sistema de clasificación o colocación Clasificación decimal universal
Tipo de ítem Koha Libro impreso
Suprimir en OPAC No

No items available.